Socialistické hospodářské a politické zřízení

Na minha lista:
Detalhes bibliográficos
Formato: Livro
Idioma:tcheco
Publicado em: Praha Státní pedagogické nakladatelství 1971
Tags: Adicionar Tag
Sem tags, seja o primeiro a adicionar uma tag!

MARC

LEADER 00000nam a2200000 4500
001 c122310
005 20250728091103.0
041 0 |a cze 
044 |a CZ 
245 1 0 |a Socialistické hospodářské a politické zřízení  |c [Z rus. orig. přel. Josef S. Mol] 
264 1 |a Praha  |b Státní pedagogické nakladatelství  |c 1971 
300 |a 85 s.